| 000 | 01008nam a2200277 a 4500 | ||
|---|---|---|---|
| 001 | BRCA_5035 | ||
| 005 | 20190320204919.0 | ||
| 008 | 041110s1941----u--a######---#000-0#eng-# | ||
| 041 | _aeng | ||
| 044 | _au | ||
| 050 | 4 |
_aND813.G6 _b.C38 1941 |
|
| 100 | 1 |
_aCatton Rich, Daniel _912861 |
|
| 245 | 1 | 0 |
_aThe Art of Goya _bPaintings, Drawings and Prints _cedited by Daniel Catton Rich ; with a note on The Technique of Goya by F. Schmid. |
| 250 | _a2 | ||
| 260 |
_aEstados Unidos _bArt Institute of Chicago _c1941 |
||
| 300 |
_a93 p. _bil. _c25 cm. |
||
| 500 | _aCatálogo de la exposición realizada por el ´Art Institute of Chicago´, 30 enero - 2 marzo, 1941 | ||
| 500 | _aIncluye la técnica de pintura que Goya realizaba para hacer sus obras artísticas | ||
| 500 | _aD121 | ||
| 600 | 1 | 4 |
_aGoya y Lucientes, Francisco José de _d1746-1828 _911075 |
| 650 | 1 | 4 |
_aPintores españoles _97620 |
| 650 | 1 | 4 |
_aDibujantes españoles _912032 |
| 700 | 1 |
_aSchmid, F. _912862 |
|
| 902 | _aGFM | ||
| 942 |
_2lcc _cB |
||
| 999 |
_c4729 _d4729 |
||